Encyclopedia of mathematical physics Volume 3

Na minha lista:
Detalhes bibliográficos
Outros Autores: Francoise, Jean-Pierre (Editor), Naber, Gregory L. (Editor), Tsou Sheung Tsun (Editor)
Formato: Livro
Idioma:inglês
Publicado em: Amsterdam Elsevier 2006
Edição:1st ed.
Assuntos:
Acesso em linha:View in OPAC
Tags: Adicionar Tag
Sem tags, seja o primeiro a adicionar uma tag!

MARC

LEADER 00000nam a2200000 a 4500
005 20260127134035.0
008 060823s2006 ne a e 000 0 eng c
020 |a 0125126638 (viaz. : vol. 3) 
035 |a vtls008841441 
039 9 |a 201211160852  |b msavuk01  |c 200807010917  |d mschk03  |c 200609191058  |d msavuk01  |c 200609190928  |d msavuk03  |y 200608231031  |z msavuk03 
040 |a SAVUK  |b slo  |c SAVUK  |d STUSCHK1  |e AACR2 
041 0 |a eng 
044 |a ne 
072 7 |a 5  |x Prírodné vedy. Matematické vedy  |2 konspekt 
080 |a 51-7:53  |2 2001 
080 |a 031  |2 2001 
245 1 0 |a Encyclopedia of mathematical physics  |n Volume 3  |c editors Jean-Pierre Francoise, Gregory L. Naber, Tsou Sheung Tsun 
250 |a 1st ed. 
260 |a Amsterdam  |b Elsevier  |c 2006 
300 |a xlix, 645 s.  |b ilustr.  |c 29 cm 
504 |a Lit. 
650 0 7 |a matematická fyzika  |2 SNKPH 
655 7 |a encyklopédie  |2 SNKPH 
700 1 |a Francoise, Jean-Pierre  |4 edt 
700 1 |a Naber, Gregory L.  |4 edt 
700 1 |a Tsou Sheung Tsun  |4 edt 
910 |a savuk 
910 |a SCHK95 
919 |a 0-12-512663-8 
999 |c 2673  |d 2673